000 00727nam a2200289Ia 4500
005 20260324144905.0
008 008 260324s9999 xx 000 0 eng d
020 _a9780203795569
037 _aEBOOK
040 _aCRL
040 _beng
040 _cCRL
041 _2eng
041 _aeng
084 _qCRL
100 _aDavid Frisby
_91166461
245 0 _aFragments of Modernity (Routledge Revivals)
245 0 _bTheories of Modernity in the Work of Simmel, Kracauer and Benjamin
260 _bTaylor and Francis
260 _c1986
365 _a
365 _b240
856 _uhttp://www.taylorfrancis.com/books/9780203795569
942 _cEBOOK
999 _c1828175
_d1828175